000 00671nam a2200205Ia 4500
005 20260429112233.0
008 260429s9999||||xx |||||||||||||| ||und||
020 _a9789387462229
041 _aHindi
082 _a330.54
_bDRE
100 _aद्रेज़, ज्यां
245 0 _aभारत और उसके विरोधाभास /
_cज्यां द्रेज़
250 _a2nd ed.
260 _aदिल्ली :
_bराजकमल प्रकाशन,
_c2022.
300 _a399 p.; Hb
650 _aIndian Economy
700 _a कुमार, अशोक
700 _a सेन,अमर्त्य
942 _cTB
999 _c53054
_d53054